| 000 | 00955nam a2200229 a 4500 | ||
|---|---|---|---|
| 001 | 000047367 | ||
| 005 | 20250124082802.0 | ||
| 008 | 180509s2000 dr 000 0 spa d | ||
| 040 |
_aDO-SdBNP _bspa _cBNPHU |
||
| 082 |
_a362.5 _bC741d |
||
| 245 | 0 | 0 |
_aComunidad Digna contra la pobreza : _bMemorias / _cMary Fernandez, Josefina Zaíter. |
| 246 | 1 | 3 |
_aSistematización : _brecuento de un año, (1999-2000) del Plan Comunidad Digna en República Dominicana / |
| 260 |
_aSanto Domingo : _bCentenario, _c2000. |
||
| 300 |
_a100 p. ; _c29 cm. |
||
| 590 | _aInventariado, 2018/VM | ||
| 651 | 4 |
_aRepública Dominicana _xCondiciones Sociales _vPROGRAMAS _975016 |
|
| 650 | 4 |
_aProgramas sociales _zRepública Dominicana _vMEMORIAS E INFORMES _975017 |
|
| 651 | 4 |
_aRepública Dominicana _xPolítica Social _92627 |
|
| 700 | 1 |
_aFernández, Mary _917188 |
|
| 700 | 1 |
_aZáiter Mejía, Alba Josefina _92002 |
|
| 710 |
_aPlan Comunidad Digna en República Dominicana _975019 |
||
| 999 |
_c46855 _d46855 |
||